Перспективы выделения нового промышленного типа золота в пределах Центрально-Алданского района (Южная Якутия); Проблемы геологии и освоения недр; Т. 1

Podrobná bibliografie
Parent link:Проблемы геологии и освоения недр: труды XXI Международного симпозиума имени академика М. А. Усова студентов и молодых ученых, посвященного 130-летию со дня рождения профессора М. И. Кучина, Томск, 3-7 апреля 2017 г./ Национальный исследовательский Томский политехнический университет (ТПУ), Институт природных ресурсов (ИПР) ; под ред. А. С. Боева.— , 2017
Т. 1.— 2017.— [С. 159-160]
Hlavní autor: Касперский С. В.
Korporativní autor: Иркутский государственный университет (ИрГУ)
Další autoři: Летунов С. П. (научный руководитель)
Shrnutí:Заглавие с экрана
Jazyk:ruština
Vydáno: 2017
Edice:Месторождения полезных ископаемых. Методика поисков и разведки месторождений полезных ископаемых. Геоинформационные системы в геологии
Témata:
On-line přístup:http://earchive.tpu.ru/handle/11683/44420
Médium: Elektronický zdroj Kapitola
KOHA link:https://koha.lib.tpu.ru/cgi-bin/koha/opac-detail.pl?biblionumber=624492

MARC

LEADER 00000naa2a2200000 4500
001 624492
005 20231101133321.0
035 |a (RuTPU)RU\TPU\conf\23752 
035 |a RU\TPU\conf\23750 
090 |a 624492 
100 |a 20171123d2017 k y0rusy50 ca 
101 0 |a rus 
102 |a RU 
105 |a y z 100zy 
135 |a drgn ---uucaa 
181 0 |a i  
182 0 |a b 
200 1 |a Перспективы выделения нового промышленного типа золота в пределах Центрально-Алданского района (Южная Якутия)  |f С. В. Касперский  |g науч. рук. С. П. Летунов 
203 |a Текст  |c электронный 
225 1 |a Месторождения полезных ископаемых. Методика поисков и разведки месторождений полезных ископаемых. Геоинформационные системы в геологии 
230 |a 1 компьютерный файл (pdf; 290 Kb) 
300 |a Заглавие с экрана 
320 |a [Библиогр.: с. 160 (4 назв.] 
461 1 |0 (RuTPU)RU\TPU\conf\21932  |t Проблемы геологии и освоения недр  |o труды XXI Международного симпозиума имени академика М. А. Усова студентов и молодых ученых, посвященного 130-летию со дня рождения профессора М. И. Кучина, Томск, 3-7 апреля 2017 г.  |o в 2 т.  |f Национальный исследовательский Томский политехнический университет (ТПУ), Институт природных ресурсов (ИПР) ; под ред. А. С. Боева  |d 2017 
463 1 |0 (RuTPU)RU\TPU\conf\21936  |t Т. 1  |v [С. 159-160]  |d 2017 
610 1 |a электронный ресурс 
610 1 |a золото 
610 1 |a Южная Якутия 
610 1 |a золотое оруденение 
610 1 |a самородное золото 
610 1 |a месторождения 
700 1 |a Касперский  |b С. В. 
702 1 |a Летунов  |b С. П.  |4 727 
712 0 2 |a Иркутский государственный университет (ИрГУ)  |2 stltpush  |3 (RuTPU)RU\TPU\col\273 
801 2 |a RU  |b 63413507  |c 20171201  |g RCR 
856 4 |u http://earchive.tpu.ru/handle/11683/44420 
942 |c BK